Aktuálne aspekty ochrany a obnovy architektonického pamiatkového fondu na Slovensku : Grantová výskumná úloha 145/20 G

Enregistré dans:
Détails bibliographiques
Format: Livre
Publié: Bratislava : FA STU , 2002
Sujets:
Tags: Ajouter un tag
Pas de tags, Soyez le premier à ajouter un tag!

MARC

LEADER 00000nam a22000003a 4500
001 stu119946
005 20141122144956.2
008 060606s2002----------------------------d
040 |a STU  |b slo 
041 0
245 |a Aktuálne aspekty ochrany a obnovy architektonického pamiatkového fondu na Slovensku :  |b Grantová výskumná úloha 145/20 G 
260 |a Bratislava :  |b FA STU ,  |c 2002 
300 |a 153 
650 7 |a obnova pamiatok  |2 stusub 
650 7 |a ochrana pamiatok  |2 stusub 
996 |b 284AB00883  |c A*5615 B  |l AAKNAR  |s A  |a 24  |w stu119946_0001